000 01491cam a22004574i 4500
003 PE-LiUPU
005 20250822091817.0
008 150623s r 000 0 d
020 _a0385232438
035 _a(Sirsi) i9780385232432
040 _aPE-LiUPU
_bspa
_cPE-LiUPU
_erda
049 _aPRUA
082 0 4 _a230.2
_bB69
_221
100 1 _aBokenkotter, Thomas,
_eautor.
245 1 0 _aEssential catholicism /
_cThomas Bokenkotter.
264 1 _aNew York :
_bImage Books,
_c1986.
300 _a438 páginas ;
_c20.5 centímetros
336 _atext
_2rdacontent
337 _aunmediated
_2rdamedia
338 _avolume
_2rdacarrier
504 _aIncluye bibliografía.
505 0 _aThe fundamentals. -Jesus the Christ. -The church. -Liturgy and sacraments. -The christian way of life.
526 _aSEG42
526 _aSEG41
526 _aSEG40
526 _aSEG39
526 _aP94
526 _aP87
526 _aP86
526 _aP85
526 _aP77
526 _aP76
526 _aP35
610 0 _aIglesia Católica
_xDoctrinas.
_9508
942 _2ddc
_cBOOK
949 _a230.2 B69
_wDEWEY
_c1
_i45284
_lCCODEBUL1
_mBUL
_r0
_sY
_tBOOK
_u2015-6-24
_xTEOLOGIA
_PP35
_0COMPRA
_o.STAFF. Colección General
994 _aC0
_bPEPRU
596 _a1
999 _a230.2 B69
_wDEWEY
_c22143
_i45284
_f2021-11-9
_g5
_lCCODEBUL1
_mBUL
_q1
_r0
_sY
_tBOOK
_u2015-6-24
_xTEOLOGIA
_PP35
_0COMPRA
_o.STAFF. Colección General
_d22143
980 _818226
_gJaime Vilcazán Jefe de Análisis Documental